Brachytherapy : applications and techniques /

Bibliographic Details
Corporate Authors: Books@Ovid (Online service), Ovid Technologies, Inc
Other Authors: Devlin, Phillip M.
Format: eBook
Language:English
Published: Philadelphia, PA : Lippincott Williams & Wilkins, [2007]
Subjects:
Online Access:Brachytherapy (Online)

MARC

Tag First Indicator Second Indicator Subfields
LEADER 00000cam a2200000Ia 4500
001 in00004510285
005 20210721093410.0
006 m d
007 cr cn|||||||||
008 080529s2007 paua ob 001 0 eng d
020 |a 9780781762779 (electronic bk.) 
020 |a 0781762774 (electronic bk.) 
035 |a (OCoLC)ocn229402293 
035 |a (OCoLC)229402293 
035 |z (UtOrBLW)48748 
035 |a 69312 
040 |a XII  |c XII  |d UtOrBLW 
049 |a TMVM 
060 4 |a WN 250.5.B7  |b B796 2007eb 
245 0 0 |a Brachytherapy :  |b applications and techniques /  |c editor, Phillip M. Devlin. 
264 1 |a Philadelphia, PA :  |b Lippincott Williams & Wilkins,  |c [2007] 
264 4 |c ©2007 
336 |a text  |b txt  |2 rdacontent 
337 |a computer  |b c  |2 rdamedia 
338 |a online resource  |b cr  |2 rdacarrier 
500 |a Title from Books@Ovid opening page (viewed May 15, 2009). 
504 |a Includes bibliographical references and index. 
505 0 |a Radiobiologic concepts for brachytherapy -- Technical physics support for brachytherapy -- Head and neck brachytherapy -- Central nervous system brachytherapy -- Breast brachytherapy -- Thoracic brachytherapy -- Gastrointestinal brachytherapy -- Prostate brachytherapy -- Gynecologic brachytherapy -- Soft tissue sarcoma brachytherapy -- Vascular brachytherapy -- Role of brachytherapy in pediatrics -- Establishing a brachytherapy practice 
506 |a Accessible on authorized TAMU computers and via proxy. 
506 |a This title is restricted to authorized TAMU and TAMHSC users. 
516 |a HTML formatted version. 
530 |a Online version of the print title: Brachytherapy. 
500 |a Electronic resource. 
650 0 |a Radioisotope brachytherapy.  |0 http://id.loc.gov/authorities/subjects/sh85110709 
650 0 |a Electronic books.  |0 http://id.loc.gov/authorities/subjects/sh93007047 
650 2 |a Brachytherapy.  |0 https://id.nlm.nih.gov/mesh/D001918 
700 1 |a Devlin, Phillip M.  |0 http://id.loc.gov/authorities/names/n2006183884 
710 2 |a Books@Ovid (Online service) 
710 2 |a Ovid Technologies, Inc.  |0 http://id.loc.gov/authorities/names/no97069677 
856 4 0 |u http://proxy.library.tamu.edu/login?url=https://ovidsp.ovid.com/ovidweb.cgi?T=JS&MODE=ovid&NEWS=n&PAGE=booktext&D=books&AN=01279732$&XPATH=/PG%280%29  |z Brachytherapy (Online)  |t 0 
948 |a Ovid Books 
948 |a ebook 
999 |a MARS 
999 f f |s f34a82b1-1c2e-36f2-a152-3dc27ac056fd  |i 77eea72d-3b42-3c50-a091-0fc042aec964  |t 0 
952 f f |a Texas A&M University  |b College Station  |c Electronic Resources  |d Available Online  |t 0  |e WN 250.5.B7 B796 2007eb  |h National Library of Medicine classification 
998 f f |a WN 250.5.B7 B796 2007eb  |t 0  |l Available Online